000 00459nam a2200181Ia 4500
001 2085
005 20260306143816.0
008 260306t2014||||xx |||||||||||||| ||spa||
041 _aESP
082 _a612.8
_bA32
100 _aAguilar Rivera, William
_eAUT
245 0 _aNeurociencias y psiquiatría:
_bla historia clínica integrada
260 _c2014
300 _a111 páginas :
_c23 cm.
650 _aGEN
654 _aCPS
942 _cLIB
_dJUS
_fJUS
_2ddc
_n
999 _c2085
_d2085